Départements... - Statistiques

Statistiques générales
  • Ce quiz a été pris 164 fois
  • Le résultat moyen est 16 sur 20
Statistiques - réponses
Indice Région Département % Correct
1 Le département le plus grand Outre-mer Guyane
97%
2 Le département le plus petit Ile de France Paris
95%
3 Le département le plus peuplé Hauts de France Nord
94%
15 Département le plus à l'Ouest (sans prendre en compte les Outre-Mer) Bretagne Finistère
92%
10 Département le plus ensoleillé en moyenne Provence Alpes-Cotes-d'Azur Bouches du Rhône
89%
7 Département ayant le moins de commune Île de France Paris
88%
8 Département ayant la plus haute altitude maximale Auvergne Rhône-alpes Haute Savoie
86%
12 Département ayant la plus grande superficie forestière (exceptée la Guyane) Nouvelle-Aquitaine Landes
86%
17 Département où se situe la ville de "Mtsamboro" Outre-Mer Mayotte
86%
6 Département ayant le plus de commune Hauts de France Pas de Calais
85%
14 Département le plus riche (en montant moyen) excepté Paris (75) Île de France Hauts-de-Seine
83%
20 Département nommé d'après une rivière qui ne coule pas dans ses frontières Provence Alpes-Cotes-d'Azur Var
82%
9 Département ayant la plus faible altitude maximale Pays de la Loire Loire Atlantique
81%
4 Le département le moins peuplé Occitanie Lozère
81%
13 Département ayant la plus faible superficie forestière Normandie Manche
81%
11 Le département le moins cher de France Grand-Est Haute Marne
70%
5 Le département ayant le PIB par habitant le plus faible Nouvelle-Aquitaine Creuse
68%
16 Département où est né Louis Pasteur Bourgogne-Franche-Comté Jura
67%
19 Le seul département français à ne pas avoir de gentilé officiel Pays de la Loire Maine et loire
66%
18 Le seul département de France métropolitaine à ne disposer d’aucune gare de voyageurs Auvergne Rhône-alpes Ardèche
61%
Aucun quiz correspondant
Distribution des résultats
% des personnes avec chaque résultat
Percentile par nombre de réponses
Votre historique - résultats
Vous n’avez pas pris ce quiz